00617 2200205 4500001002100000005001500021035002000036007000300056008004100059020001400100082001000114084001800124100002400142245011500166250001200281260005200293300003000345600001500375856002100390INLIS00000000000651120211013100702 a0010-1021000144ta211013 0  a0216-0901 a612.1 aR 612.1 ROZ p0 aRozaimah Zain-Hamid1 aPengaruh Asam Asetilsalisilat Dosis Tunggal terhadap Agregasi Trobosit pada Orang Sehat /cRozaimah Zain-Hamid aNomor 9 aJakarta :bJurnal Kedokteran dan Farmasi,c1991 a71 hlm :bIlus ;c27.5 cm 4aKedokteran aJurnal Kesehatan